| 000 | 00538nam a2200133 4500 | ||
|---|---|---|---|
| 999 |
_c512754 _d512754 |
||
| 008 | 191213b ||||| |||| 00| 0 eng d | ||
| 100 |
_aSinghvi, Abhishek Manu _914540 |
||
| 245 | _aInstitutional and non-institutional pillars of Indian democracy (HareKrushna Mahtab Memorial Lecture, Cuttack, Odisha, Saturday, 22 December, 2018) | ||
| 260 | _b Indian Journal of Public Administration | ||
| 300 | _a65(2), Jun, 2019: p.554-583. | ||
| 773 | _a Indian Journal of Public Administration | ||
| 906 | _aDemocracy - India | ||
| 942 |
_2ddc _cAR |
||